000 00919nam a2200325 a 4500
001 000014799
003 DO-SdBNP
005 20180213102512.0
007 000014799
008 100122s2009 dr 001 0 spa d
020 _a9789945130348
040 _aBPMSU
_bspa
_cBPMSU
092 _a641.597293
_bN714d, 2009
100 1 _aNina, Juan B.,
_d1959-
245 1 4 _aLos dulces dominicanos :
_bhistoria y recetas /
_cJuan B. Nina.
250 _a2a ed.
260 _aSanto Domingo :
_bMediabyte,
_c2009.
300 _a191 p. ;
_c21 cm.
504 _aBibliografía : p. 189-191
650 4 _aCOCINA DOMINICANA
650 4 _aDULCES
910 _aValidado. Control de calidad BNPHU
930 1 _l
_m
_h
_8
_f
_p
_g
942 _2ddc
_cBK
945 _aInventariado / 2018 VM
956 _a
_b
_c
_l
_h
956 _a
_b
_c
_l
_h
956 _a
_b
_c
_l
_h
956 _aVMATEO
_b10
_c20150803
_lBPMSU
_h00151
999 _c8043
_d8043